MPLS VPN
Uložené v:
| Hlavný autor: | |
|---|---|
| Ďalší autori: | |
| Médium: | Rukopis Kniha |
| Jazyk: | Slovak |
| Vydavateľské údaje: |
2016
|
| Predmet: | |
| On-line prístup: | http://is.stuba.sk/zp/portal_zp.pl?podrobnosti=111354 |
| Tagy: |
Žiadne tagy, Buďte prvý, kto otaguje tento záznam!
|
MARC
| LEADER | 00000ntm a22000003a 4500 | ||
|---|---|---|---|
| 001 | stuzp56610 | ||
| 003 | SK-STU | ||
| 005 | 20160811095453.5 | ||
| 007 | ta | ||
| 008 | 150427s2015----xo-----f-mn---000-0-slo-d | ||
| 040 | |a STU |b slo | ||
| 041 | 0 | |a slo | |
| 044 | |a xo | ||
| 100 | 1 | |a Kalocsányi, Marko |u 037000 |4 aut |U FEI Fakulta elektrotechniky a informatiky |T FEI Ústav telekomunikácií |X 52538 |U E070 |Y 818 |7 52538 | |
| 242 | 0 | 1 | |a MPLS VPN |y eng |
| 245 | 1 | 0 | |a MPLS VPN |
| 260 | |c 2016 | ||
| 300 | |a 52 s., |b DVD | ||
| 650 | 4 | |a GNS 3 |2 eng | |
| 650 | 4 | |a CISCO |2 eng | |
| 650 | 4 | |a MPLS VPN |2 eng | |
| 650 | 4 | |a CISCO |2 slo | |
| 650 | 4 | |a MPLS VPN |2 slo | |
| 650 | 4 | |a GNS 3 |2 slo | |
| 700 | 1 | |a Medvecký, Martin |u 037000 |k Z1 |4 ths |U FEI Fakulta elektrotechniky a informatiky |T FEI Ústav telekomunikácií |X 1980 |U E070 |Y 818 |7 A000001980 | |
| 856 | 4 | |u http://is.stuba.sk/zp/portal_zp.pl?podrobnosti=111354 | |
| 996 | |b 284ER02129 |c E*Bc- 2129 |l EE37 |s P |a 0 |w stuzp56610_0001 | ||
| SQL | |a stuzp56610 |b DBP |c SLO |d MPLS VPN |e 52538 |f Kalocsányi, Marko |g 037000 |h 1980 |i Medvecký, Martin |j 20160706 |k 78 |l 03 |m http://is.stuba.sk/zp/portal_zp.pl?podrobnosti=111354 |n B-TLK |o 5.2.15. telekomunikácie | ||